Profesionálnosť maklérov - významný činiteľ ochrany investora
Súčinnosť všetkých účastníkov kapitálového trhu. Záujmy investora a profesionálnosť maklérov. Odborná príprava zamestnancov obchodníkov s cennými papiermi. Zahraničné príklady prípravy odborníkov kapitálového trhu.
Guardado en:
| Formato: | Capítulo de libro |
|---|---|
| Lenguaje: | eslovaco |
| Materias: | |
| Etiquetas: |
Sin Etiquetas, Sea el primero en etiquetar este registro!
|
MARC
| LEADER | 00000naa a2200000 4500 | ||
|---|---|---|---|
| 001 | r013856 | ||
| 005 | 20221213122948.6 | ||
| 041 | 0 | |a slo | |
| 044 | |a SK | ||
| 245 | 1 | 0 | |a Profesionálnosť maklérov - významný činiteľ ochrany investora |
| 520 | |a Súčinnosť všetkých účastníkov kapitálového trhu. Záujmy investora a profesionálnosť maklérov. Odborná príprava zamestnancov obchodníkov s cennými papiermi. Zahraničné príklady prípravy odborníkov kapitálového trhu. | ||
| 610 | 2 | 0 | |a trh kapitálový |
| 610 | 2 | 0 | |a investori |
| 610 | 2 | 0 | |a makléri |
| 610 | 2 | 0 | |a papiere cenné |
| 610 | 2 | 0 | |a príprava odborná |